| 000 | 01014nam a2200253Ia 4500 | ||
|---|---|---|---|
| 003 | OSt | ||
| 005 | 20221005110323.0 | ||
| 006 | a|||||r|||| 00| 0 | ||
| 007 | ta | ||
| 008 | 221004b |||||||| |||| 00| 0 hin d | ||
| 020 |
_a8188134074 (hbk) _c300 |
||
| 024 | _a90261 | ||
| 037 |
_b1612, 05/02/2008, Vidyanidhi Prakashan _cTextual |
||
| 040 |
_aCRL _cCRL _bhin |
||
| 041 |
_2hin _ahin |
||
| 082 | _aR66, 152P5 | ||
| 100 | _aद्विवेदी, विश्वम्भर | ||
| 245 | 0 | _aअद्वैत वेदान्त एवं कश्मीर शैव अद्वैतवाद | |
| 246 | _aAdvait vedānta evan kashmīr shaiv advaitavāda | ||
| 260 |
_aनई दिल्ली _bदिल्ल्ी सत्यम् पब्लिशिंग हाउस _c2005 |
||
| 300 |
_a169पृ0 _ccm. |
||
| 942 |
_hR66, 152P5 _cTEXL _2cc |
||
| 999 |
_c1018448 _d1018448 |
||